Biggest Cities of the Americas in 1850 with a Map - Statistics

General Stats
  • This quiz has been taken 1,470 times
  • The average score is 49 of 87
Answers on the Map
Answers color-coded by a green-red scale on the quiz's map according to % correct below.
 
Answer Stats
Population Cities % Correct
515k New York City
99%
170k Mexico City
96%
29k Chicago
95%
136k Boston
94%
131k Havana
94%
116k New Orleans
92%
166k Rio de Janeiro
92%
21k Detroit
91%
40k Washington D.C.
91%
30k Toronto
90%
70k Lima
89%
53k Santa Fe de Bogotá
88%
84k Santiago de Chile
88%
24k Santiago de Cuba
88%
43k Caracas
87%
74k Buenos Aires
86%
169k Baltimore
85%
57k Montreal
85%
121k Philadelphia
84%
21k Port-au-Prince
84%
36k Quito
84%
77k St. Louis
84%
33k Kingston
82%
42k Buffalo
81%
44k La Paz
80%
20k Milwaukee
80%
33k Montevideo
80%
46k Pittsburgh
79%
115k Cincinnati
77%
40k Quebec City
77%
25k San Francisco
76%
40k Guatemala City
74%
50k Albany
73%
63k Guadalajara
73%
42k Charleston
72%
27k Richmond
72%
41k Providence
70%
44k Asuncion
69%
39k Halifax
67%
20k Sucre
67%
25k Georgetown
66%
20k Mobile
63%
43k Louisville
62%
38k Newark
62%
106k Recife
61%
36k Rochester
60%
31k Saint John
60%
20k St. John's
60%
100k Salvador
57%
22k Syracuse
57%
25k Guayaquil
55%
41k Cuzco
53%
96k Brooklyn
52%
20k Portland
52%
32k Belém
49%
24k Córdoba
49%
20k New Haven
48%
70k Puebla
46%
25k Mérida
40%
45k Valparaíso
39%
20k Salem
36%
32k León
33%
30k León de Los Alcama
33%
25k Oaxaca
30%
21k Arequipa
27%
32k São Luís
25%
20k Valencia
25%
33k Lowell
22%
31k Aguascalientes
20%
30k San Luis Potosí
20%
28k Troy
19%
23k Potosí
18%
47k Northern Liberties
16%
22k Durango
15%
21k Allegheny
14%
29k Querétaro
14%
29k Zacatecas
12%
33k Guanajuato
10%
22k Colima
9%
25k Morelia
9%
38k Southwark
9%
20k Saint-Pierre
8%
46k Kensington
7%
22k Matanzas
6%
58k Spring Garden
6%
30k Williamsburgh
4%
26k Moyamensing
2%
No matching quizzes found
Score Distribution
Percent of People with Each Score
Percentile by Number Answered
Your Score History
You have not taken this quiz